000 00670cam a22002171 4500
001 ne 61000063
003 DLC
005 20260227111733.0
008 901207s1946 ua 000 0 arar
010 _ane 61000063
035 _a(OCoLC)22807259
040 _aDLC
_cWaU
_dDLC
042 _apremarc
050 0 0 _aPJ7615
_b.K8 1946
100 2 _aKurd ʻAlī, Muḥammad,
_d1876-1953.
245 1 0 _aRasāʼil al-bulaghāʼ,
_cikhtiyār wa-taṣnīf Muḥammad Kurd ʻAlī.
250 _aal-Ṭabʻah al-thālithah.
260 _aal-Qāhirah,
_bLajnat al-Taʼlīf wa-al-Tarjamah wa-al-Nashr,
_c1365/1946.
300 _a8, 530 p.
_c26 cm.
650 0 _aArabic literature.
999 _c44925
_d44925